LET'S MAKE A PICTURE (Record no. 210519)

MARC details
000 -LEADER
fixed length control field 00404nam a22001577a 4500
008 - FIXED-LENGTH DATA ELEMENTS--GENERAL INFORMATION
fixed length control field 240710b |||||||| |||| 00| 0 eng d
020 ## - INTERNATIONAL STANDARD BOOK NUMBER
International Standard Book Number 0237351943
050 ## - LIBRARY OF CONGRESS CALL NUMBER
Classification number TT 157 .D8 1974
Item number C. 1
100 ## - MAIN ENTRY--PERSONAL NAME
Personal name DAVIES, RITA
245 ## - TITLE STATEMENT
Title LET'S MAKE A PICTURE
260 ## - PUBLICATION, DISTRIBUTION, ETC.
Place of publication, distribution, etc. LONDON
Name of publisher, distributor, etc. EVANS BROTHERS LIMITED
Date of publication, distribution, etc. 1974
300 ## - PHYSICAL DESCRIPTION
Extent 32P.: ILL.
650 ## - SUBJECT ADDED ENTRY
Topical term or geographic name entry element ART EDUCATION
942 ## - ADDED ENTRY ELEMENTS (KOHA)
Source of classification or shelving scheme Library of Congress Classification
Koha item type Long Loan Book
Holdings
Withdrawn status Lost status Source of classification or shelving scheme Damaged status Not for loan Collection Home library Current library Shelving location Date acquired Inventory number Total checkouts Full call number Barcode Date last seen Copy number Price effective from Koha item type
    Library of Congress Classification     Science & Technology Kisii University Library Kisii University Library On Display 07/10/2024 8297   TT 157 .D8 1974 038464 07/10/2024 C. 1 07/10/2024 Long Loan Book